The Mistborn Book Names Quiz - Statistics

General Stats
  • This quiz has been taken 9 times
  • The average score is 6 of 8
Answer Stats
Answer % Correct
The Final Empire
100%
The Alloy of Law
88%
The Hero of Ages
88%
The Lost Metal
88%
The Well of Ascension
88%
The Bands of Mourning
75%
The Secret History
63%
Shadows of Self
38%
No matching quizzes found
Score Distribution
Percent of People with Each Score
Percentile by Number Answered
Your Score History
You have not taken this quiz